[Event "4NCL/Div3/WRO2 vs. SCS"]
[Site "West Bromwich ENG"]
[Date "2003.05.24"]
[Round "9.8"]
[White "Lutton, J Arnold"]
[Black "Coupe, Heather L"]
[Result "1-0"]
[WhiteElo "1680"]
[BlackElo "1376"]
[PlyCount "73"]
[EventDate "2003.05.24"]

1. e4 e6 2. d4 d5 3. e5 c5 4. Nf3 Qb6 5. Bd3 Nc6 6. O-O Bd7 7. Re1 cxd4 8. Bf4
Nge7 9. Nbd2 Ng6 10. Bg3 Bb4 11. Re2 Bxd2 12. Rxd2 O-O 13. a3 Rab8 14. h4 Qc7
15. Re2 Qd8 16. h5 Nge7 17. Bh4 Qe8 18. g4 f5 19. Ng5 h6 20. f3 fxg4 21. fxg4
Rf4 22. Re1 Qf8 23. Nh3 Rf3 24. Kg2 Re3 25. Bg3 Rxe1 26. Qxe1 Qf7 27. Nf4 b6
28. Qe2 Qe8 {=} 29. Rf1 Na5 30. b3 Rc8 31. Bh4 Nac6 32. Ng6 Nf5 33. gxf5 exf5
34. Bxf5 Bxf5 35. Rxf5 Qe6 36. Qf2 Kh7 37. Nf8+ 1-0

[Event "4NCL/Div3/WES2 vs. NWE2"]
[Site "West Bromwich ENG"]
[Date "2003.05.24"]
[Round "9.1"]
[White "Hopkins, Jamie R"]
[Black "Kennaugh, Charles W"]
[Result "0-1"]
[WhiteElo "2151"]
[BlackElo "2290"]
[PlyCount "46"]
[EventDate "2003.05.24"]

1. c4 e5 2. g3 d5 3. cxd5 Qxd5 4. Nf3 Nc6 5. Nc3 Qd8 6. d3 Bc5 7. a3 Nf6 8. Bg5
h6 9. Bxf6 Qxf6 10. Ne4 Qe7 11. Nxc5 Qxc5 12. Rc1 Qb5 13. b4 a5 14. Rc5 Qb6 15.
Qa4 O-O 16. Rc1 Bg4 17. Rxc6 bxc6 18. Nxe5 Qd4 19. Nxg4 Rfb8 20. Bh3 axb4 21.
Qd1 bxa3 22. e3 Qc3+ 23. Ke2 h5 0-1

[Event "4NCL/Div3/WES2 vs. NWE2"]
[Site "West Bromwich ENG"]
[Date "2003.05.24"]
[Round "9.2"]
[White "Lund, D Brett"]
[Black "Rutter, Nicholas"]
[Result "0-1"]
[WhiteElo "2255"]
[BlackElo "2120"]
[PlyCount "114"]
[EventDate "2003.05.24"]

1. c4 c6 2. g3 d5 3. Bg2 Nf6 4. Nf3 Bg4 5. Ne5 Be6 6. Qc2 Nbd7 7. d4 dxc4 8.
Nxc4 Bxc4 9. Qxc4 Nb6 10. Qd3 e6 11. O-O Be7 12. Nc3 O-O 13. Rd1 Qd7 14. e4
Rad8 15. Qe2 Bb4 16. Bg5 Be7 17. Be3 Bb4 18. a3 Bxc3 19. bxc3 Na4 20. Qc2 b5
21. c4 Rc8 22. c5 Qe7 23. Bf4 Ne8 24. Rac1 f6 25. Be3 Nc7 26. h4 Rfd8 27. g4
Qf7 28. h5 e5 29. dxe5 fxe5 30. Rd6 Ne8 31. Rd2 Rxd2 32. Qxd2 Rc7 33. Rd1 h6
34. f4 Nf6 35. g5 Rd7 36. Qc2 Nxh5 37. fxe5 hxg5 38. Bh3 Rxd1+ 39. Qxd1 Nf4 40.
Bxf4 gxf4 41. Qd8+ Kh7 42. Qg5 Nxc5 43. e6 Nxe6 44. Qf5+ Qg6+ 45. Qxg6+ Kxg6
46. Bxe6 c5 47. Bd7 b4 48. axb4 cxb4 49. Ba4 Kf6 50. Kf2 Ke5 51. Kf3 a5 52. Bc2
g5 53. Kg4 b3 54. Bxb3 Kxe4 55. Kxg5 f3 56. Kg4 f2 57. Bc4 Kd4 0-1

[Event "4NCL/Div3/WES2 vs. NWE2"]
[Site "West Bromwich ENG"]
[Date "2003.05.24"]
[Round "9.3"]
[White "Pye, David E"]
[Black "Hague, Ben"]
[Result "1-0"]
[WhiteElo "2080"]
[BlackElo "2233"]
[PlyCount "73"]
[EventDate "2003.05.24"]

1. e4 e6 2. d4 d5 3. Nc3 Nf6 4. Bg5 Be7 5. e5 Nfd7 6. Bxe7 Qxe7 7. f4 a6 8. Nf3
c5 9. dxc5 Qxc5 10. Qd2 Nc6 11. O-O-O b5 12. Nd4 Nb6 13. Nxc6 Qxc6 14. Qd4 Bd7
15. h4 Nc4 16. Bxc4 bxc4 17. Rh3 h5 18. f5 O-O-O 19. Rg3 Rh7 20. Rf1 Kb7 21. f6
g6 22. Ne2 Rhh8 23. Ra3 Rb8 24. Qc3 Ka7 25. Nd4 Qb6 26. Kb1 Rb7 27. Ka1 Rhb8
28. Rb1 Qc7 29. Qe3 Rb6 30. b4 cxb3 31. Raxb3 Qc5 32. Nb5+ Rxb5 33. Qxc5+ Rxc5
34. Rxb8 Rc7 35. Rf8 Bc8 36. Rb2 Bb7 37. Re8 1-0

[Event "4NCL/Div3/WES2 vs. NWE2"]
[Site "West Bromwich ENG"]
[Date "2003.05.24"]
[Round "9.4"]
[White "Hulmes, David I"]
[Black "Pleasants, Allan J"]
[Result "1-0"]
[WhiteElo "2136"]
[BlackElo "2000"]
[PlyCount "69"]
[EventDate "2003.05.24"]

1. e4 g6 2. d4 c6 3. Nc3 Bg7 4. f4 d5 5. e5 h5 6. Nf3 Bg4 7. h3 Bxf3 8. Qxf3 e6
9. Bd3 h4 10. O-O Nh6 11. Be3 Bf8 12. Ne2 Nf5 13. Bf2 Nd7 14. b3 Qc7 15. c4 Rd8
16. Rac1 Nb6 17. c5 Nc8 18. b4 Nce7 19. a4 Bg7 20. Rb1 f6 21. b5 Qc8 22. Rb3 g5
23. Rfb1 gxf4 24. exf6 Bxf6 25. bxc6 bxc6 26. Qxf4 Ng6 27. Qg4 Rg8 28. Rb7 Kf8
29. Qh5 Rg7 30. Ba6 Qa8 31. Rxg7 Kxg7 32. Rb7+ Nfe7 33. Qg4 Rb8 34. Rxe7+ Bxe7
35. Bd3 1-0

[Event "4NCL/Div3/WES2 vs. NWE2"]
[Site "West Bromwich ENG"]
[Date "2003.05.24"]
[Round "9.5"]
[White "Gregory, Keith D"]
[Black "Spence, David"]
[Result "1/2-1/2"]
[WhiteElo "2032"]
[BlackElo "2188"]
[PlyCount "46"]
[EventDate "2003.05.24"]

1. Nf3 d5 2. g3 Nf6 3. Bg2 e6 4. O-O Be7 5. c4 dxc4 6. Na3 Bxa3 7. bxa3 Nc6 8.
Qa4 O-O 9. Qxc4 e5 10. d3 Qd6 11. Be3 Be6 12. Qc2 Rfe8 13. Bc5 Qd8 14. Ng5 Bc8
15. Qb3 Qd7 16. Rfc1 h6 17. Bh3 Qd5 18. Bxc8 Raxc8 19. Ne4 Qxb3 20. Nxf6+ gxf6
21. axb3 f5 22. b4 a6 23. Rab1 Re6 1/2-1/2

[Event "4NCL/Div3/WES2 vs. NWE2"]
[Site "West Bromwich ENG"]
[Date "2003.05.24"]
[Round "9.6"]
[White "Hughes, Howard R"]
[Black "Marsh, Roger"]
[Result "1-0"]
[WhiteElo "2072"]
[BlackElo "2074"]
[PlyCount "81"]
[EventDate "2003.05.24"]

1. e4 g6 2. d4 Bg7 3. Nc3 c6 4. Bc4 d6 5. Nf3 b5 6. Bb3 Nf6 7. e5 dxe5 8. dxe5
Qxd1+ 9. Nxd1 Ne4 10. O-O Nc5 11. Be3 Nxb3 12. axb3 a6 13. Bd4 Bg4 14. e6 Bxf3
15. Bxg7 Rg8 16. Be5 Bd5 17. Bxb8 Rxb8 18. exf7+ Kxf7 19. Rxa6 Ra8 20. Rxa8
Rxa8 21. Nc3 Ke6 22. Rd1 b4 23. Na4 Ra5 24. f3 Rb5 25. Kf2 Kf5 26. Ke3 h5 27.
g3 e5 28. Rd2 g5 29. Rf2 Be6 30. Rd2 Bd5 31. h3 g4 32. fxg4+ hxg4 33. Rf2+ Kg5
34. h4+ Kg6 35. Rf8 Be6 36. Ra8 e4 37. Ra6 Rf5 38. Rxc6 Rf3+ 39. Kxe4 Kf7 40.
h5 Rxg3 41. Nc5 1-0

[Event "4NCL/Div3/WES2 vs. NWE2"]
[Site "West Bromwich ENG"]
[Date "2003.05.24"]
[Round "9.7"]
[White "Footner, Alan F"]
[Black "Savory, Richard J"]
[Result "0-1"]
[WhiteElo "1944"]
[BlackElo "2099"]
[PlyCount "64"]
[EventDate "2003.05.24"]

1. e4 c5 2. c3 d5 3. exd5 Qxd5 4. d4 e6 5. Nf3 Nf6 6. Na3 cxd4 7. Nb5 Qd8 8.
Nbxd4 Be7 9. Bf4 O-O 10. Qb3 Nbd7 11. Rd1 a6 12. Be2 Nd5 13. Bg3 Bf6 14. O-O b5
15. Nc6 Qb6 16. Nce5 Nc5 17. Qc2 Rd8 18. Nd4 Bb7 19. c4 Nb4 20. Qc3 Nxa2 21.
Qa3 Ne4 22. Ndf3 Qc5 23. b4 Nxb4 24. Nd7 Rxd7 25. Rxd7 Bc6 26. Rc7 bxc4 27. Rc1
c3 28. Ne1 Nxg3 29. hxg3 Qb6 30. Nc2 Nxc2 31. Qd6 Nd4 32. Bf3 Rd8 0-1

[Event "4NCL/Div3/WES2 vs. NWE2"]
[Site "West Bromwich ENG"]
[Date "2003.05.24"]
[Round "9.8"]
[White "Griffiths, Kathy"]
[Black "Norman, Dinah"]
[Result "1/2-1/2"]
[WhiteElo "2064"]
[BlackElo "2021"]
[PlyCount "59"]
[EventDate "2003.05.24"]

1. e4 c6 2. d4 d5 3. f3 e6 4. Ne2 Nf6 5. Nbc3 b5 6. Ng3 b4 7. Na4 Ba6 8. Bxa6
Nxa6 9. Qd3 Nc7 10. Bg5 Be7 11. O-O O-O 12. Rad1 Nd7 13. Be3 a5 14. e5 Nb5 15.
f4 f5 16. Ne2 Rb8 17. Rf3 Qc8 18. Rh3 c5 19. dxc5 Nxc5 20. Nxc5 Bxc5 21. Bxc5
Qxc5+ 22. Kh1 Rfc8 23. Rd2 Qf2 24. Rf3 Qe1+ 25. Ng1 Qe4 26. Re2 Qxd3 27. Rxd3
Rc4 28. g3 Rbc8 29. Rdd2 a4 30. Nf3 1/2-1/2

[Event "4NCL/Div3/NKN1 vs. WRO2"]
[Site "West Bromwich ENG"]
[Date "2003.05.25"]
[Round "10.1"]
[White "Williams, Leighton"]
[Black "Keely, Leo"]
[Result "1-0"]
[WhiteElo "2349"]
[BlackElo "2153"]
[PlyCount "51"]
[EventDate "2003.05.25"]

1. d4 d5 2. c4 c6 3. Nf3 Nf6 4. Nc3 a6 5. Bg5 Ne4 6. Bf4 Nxc3 7. bxc3 dxc4 8.
e4 b5 9. Ne5 e6 10. Qf3 Qe7 11. Qg3 Nd7 12. Nxc6 Qa3 13. Be2 Bb7 14. d5 Nc5 15.
O-O Nxe4 16. Qe3 Nxc3 17. Bh5 g6 18. Qb6 Bg7 19. Qxb7 O-O 20. Bf3 Nxd5 21. Bxd5
Bxa1 22. Rxa1 exd5 23. Ne7+ Kh8 24. Re1 Rae8 25. Qd7 Rd8 26. Qxd8 1-0

[Event "4NCL/Div3/NKN1 vs. WRO2"]
[Site "West Bromwich ENG"]
[Date "2003.05.25"]
[Round "10.2"]
[White "Cumbers, Paul"]
[Black "Walsh, Chris"]
[Result "1-0"]
[WhiteElo "2040"]
[BlackElo "2204"]
[PlyCount "101"]
[EventDate "2003.05.25"]

1. e4 e6 2. a3 d5 3. e5 c5 4. b4 c4 5. d4 cxd3 6. Bxd3 a5 7. b5 Ne7 8. Nf3 Ng6
9. O-O Nd7 10. Re1 Qc7 11. Bb2 Nb6 12. Nbd2 Bd7 13. a4 Rc8 14. g3 Be7 15. Qb1
O-O 16. c3 Be8 17. h4 Nc4 18. Nxc4 dxc4 19. Bc2 f6 20. Nd4 Qb6 21. exf6 Rxf6
22. h5 Nf8 23. Bd1 Bc5 24. Qe4 Bf7 25. Bg4 Re8 26. Ba3 Nd7 27. Bc1 h6 28. Be3
Qc7 29. Nf3 Bxe3 30. Rxe3 e5 31. Bxd7 Qxd7 32. Nxe5 Qd2 33. Rf1 Bd5 34. Qd4
Qxd4 35. cxd4 Rf5 36. g4 Rf4 37. Rd1 Ref8 38. Rd2 Rc8 39. Rc3 Re4 40. Kf1 Rf8
41. f3 Rff4 42. Ng6 Rf6 43. Kf2 Kh7 44. Kg3 Re1 45. Nf4 Bf7 46. d5 Rg1+ 47. Kf2
Rb1 48. Rxc4 Rb4 49. Rxb4 axb4 50. Ke3 Rd6 51. Kd4 1-0

[Event "4NCL/Div3/NKN1 vs. WRO2"]
[Site "West Bromwich ENG"]
[Date "2003.05.25"]
[Round "10.3"]
[White "Morris, Gareth"]
[Black "Arnott, Jonathan W"]
[Result "0-1"]
[WhiteElo "2174"]
[BlackElo "2094"]
[PlyCount "132"]
[EventDate "2003.05.25"]

1. d4 e6 2. c4 b6 3. g3 Bb7 4. Nf3 f5 5. Bg2 Nf6 6. O-O Be7 7. b3 Ne4 8. Bb2
Bf6 9. Qc2 O-O 10. Nfd2 d5 11. e3 Na6 12. a3 c5 13. Nxe4 fxe4 14. Rd1 Rc8 {=}
15. Qe2 Qe7 16. Nc3 Rfd8 17. Nb5 Bc6 18. Rac1 Rd7 19. cxd5 Bxd5 20. Nc3 Nc7 21.
Nxd5 exd5 22. dxc5 bxc5 23. Bxf6 Qxf6 24. Rxc5 Rcd8 25. Qc2 Ne6 26. Rc6 Qf5 27.
h4 g5 28. hxg5 Nxg5 29. f4 Ne6 30. Kh2 Qh5+ 31. Bh3 Nf8 32. Re1 Rd6 33. Rxd6
Rxd6 34. Qe2 Qf7 35. g4 Ne6 36. f5 Ng5 37. Bg2 Rh6+ 38. Kg1 Qc7 39. Qf2 Nh3+
40. Bxh3 Rxh3 41. Qf4 Rg3+ 42. Kh2 Qxf4 43. exf4 Rxb3 44. Kg2 Rxa3 45. Rd1 Rd3
46. Ra1 Rf3 47. Rxa7 Rxf4 48. Rd7 Rxg4+ 49. Kh3 h5 50. Rxd5 Kf7 51. Rd6 Rf4 52.
Re6 Rg4 53. Rh6 Rg1 54. Kh2 Rg8 55. Rxh5 e3 56. Rh7+ Kf6 57. Ra7 Kxf5 58. Re7
Kf4 59. Rf7+ Ke4 60. Re7+ Kf3 61. Rf7+ Ke2 62. Ra7 Kf2 63. Rf7+ Ke1 64. Ra7 e2
65. Re7 Rd8 66. Ra7 Kd2 0-1

[Event "4NCL/Div3/NKN1 vs. WRO2"]
[Site "West Bromwich ENG"]
[Date "2003.05.25"]
[Round "10.4"]
[White "Lim, Chin-Lee"]
[Black "Gandy, Andrew"]
[Result "1-0"]
[WhiteElo "2060"]
[BlackElo "2097"]
[PlyCount "61"]
[EventDate "2003.05.25"]

1. d4 d5 2. Nf3 Nf6 3. Bg5 Ne4 4. Bf4 c6 5. Nbd2 Bf5 6. c3 Qb6 7. Qb3 Nd7 8.
Nxe4 Bxe4 9. Nd2 Bf5 10. e3 e6 11. Be2 Be7 12. g4 Bg6 13. h4 f6 14. h5 Bf7 15.
Qc2 e5 16. Bg3 Be6 17. f3 c5 18. dxe5 Nxe5 19. Qb3 Qxb3 20. axb3 a6 21. h6 g6
22. Ra4 Nf7 23. Bb5+ Kf8 24. Be2 Kg8 25. e4 Bf8 26. exd5 Bxd5 27. Ne4 Bxe4 28.
Rxe4 Nxh6 29. g5 fxg5 30. Rxh6 Bxh6 31. Bc4+ 1-0

[Event "4NCL/Div3/NKN1 vs. WRO2"]
[Site "West Bromwich ENG"]
[Date "2003.05.25"]
[Round "10.5"]
[White "Saunders, Robert"]
[Black "White, Mark W"]
[Result "1/2-1/2"]
[WhiteElo "2177"]
[BlackElo "2104"]
[PlyCount "105"]
[EventDate "2003.05.25"]

1. e4 c5 2. Nc3 Nc6 3. g3 g6 4. Bg2 Bg7 5. d3 Nf6 6. Be3 d6 7. h3 Rb8 8. f4 Nd4
9. Nce2 Nd7 10. c3 Nxe2 11. Nxe2 b5 12. a3 Bb7 13. O-O a6 14. Qd2 O-O 15. g4
Qc7 16. Ng3 Rbd8 17. Rac1 Nb6 18. c4 bxc4 19. dxc4 Nd7 20. b4 Bc6 21. Rb1 Rb8
22. Qd3 cxb4 23. axb4 Rfc8 24. Rfc1 Bb7 25. Nf1 Nf6 26. Bd4 Qd7 27. Bc3 h5 28.
g5 Ne8 29. Ne3 Bxc3 30. Rxc3 Ng7 31. Qd2 {=} Ne6 32. Nd5 Bxd5 33. exd5 Ng7 34.
Be4 Nf5 35. Kh2 h4 36. Qd3 e6 37. dxe6 Qxe6 38. Bxf5 gxf5 39. Rc2 Rc7 40. Rd1
Rxb4 41. Qxd6 {=} Qxd6 42. Rxd6 Rcxc4 43. Rxc4 Rxc4 44. Rxa6 Rxf4 45. Rh6 Kg7
46. Kh1 Rf3 47. Rxh4 Kg6 48. Kg2 Rb3 49. Rh8 Kxg5 50. Kf2 Kf4 51. Rh4+ Ke5 52.
Rh7 f6 53. Rh6 1/2-1/2

[Event "4NCL/Div3/NKN1 vs. WRO2"]
[Site "West Bromwich ENG"]
[Date "2003.05.25"]
[Round "10.6"]
[White "Shaw, Peter"]
[Black "Fish, Andrew"]
[Result "1/2-1/2"]
[WhiteElo "1984"]
[BlackElo "2109"]
[PlyCount "100"]
[EventDate "2003.05.25"]

1. d4 Nf6 2. Nf3 g6 3. Bf4 Bg7 4. e3 O-O 5. h3 d6 6. Be2 Nc6 7. Nbd2 Re8 8. Bh2
e5 9. dxe5 dxe5 10. Nc4 Nd7 11. c3 Qe7 12. O-O Nc5 13. Qc1 Bf5 14. Rd1 Rad8 15.
Rxd8 Rxd8 16. Qf1 b5 17. Ncd2 b4 18. Nc4 bxc3 19. bxc3 Bd3 20. Rd1 Bxe2 21.
Qxe2 Rxd1+ 22. Qxd1 Qe6 23. Qe2 Qd5 24. Na3 Ne4 25. c4 Qa5 26. Nb1 Qb4 27. Qc2
Nc5 28. Bg3 f5 29. Nfd2 Qa5 30. a3 Bf8 31. Kh2 Ne6 32. Qd3 f4 33. exf4 exf4 34.
Bh4 g5 35. Qd5 Qxd5 36. cxd5 gxh4 37. dxc6 Nd4 38. Nc3 Nxc6 39. Nb5 a5 40. a4
Bd6 41. Nc4 Kf7 42. Nbxd6+ cxd6 43. Nxd6+ Ke6 44. Nb7 Kd5 45. g3 Kc4 46. Kg2
fxg3 47. fxg3 Kb4 48. gxh4 Kxa4 49. Kf3 Kb5 50. Nxa5 Nxa5 1/2-1/2

[Event "4NCL/Div3/NKN1 vs. WRO2"]
[Site "West Bromwich ENG"]
[Date "2003.05.25"]
[Round "10.7"]
[White "Sinnett, Glyn"]
[Black "Jones, Rupert W"]
[Result "1/2-1/2"]
[WhiteElo "1939"]
[BlackElo "1728"]
[PlyCount "29"]
[EventDate "2003.05.25"]

1. d4 Nf6 2. c4 e6 3. Nc3 Bb4 4. Qc2 c5 5. dxc5 Na6 6. Bd2 Nxc5 7. g3 b6 8. Bg2
Bb7 9. Bxb7 Nxb7 10. a3 Be7 11. Nf3 Rc8 12. b3 O-O 13. Qd1 d5 14. cxd5 Nxd5 15.
Nxd5 1/2-1/2

[Event "4NCL/Div3/NKN1 vs. WRO2"]
[Site "West Bromwich ENG"]
[Date "2003.05.25"]
[Round "10.8"]
[White "Coupe, Heather L"]
[Black "Smith, Olivia"]
[Result "0-1"]
[WhiteElo "1376"]
[BlackElo "1916"]
[PlyCount "92"]
[EventDate "2003.05.25"]

1. d4 Nf6 2. Bf4 d5 3. e3 Bf5 4. Bd3 Bg6 5. Nf3 Nbd7 6. c3 e6 7. O-O Ne4 8. Qc2
Be7 9. Nbd2 Nxd2 10. Qxd2 Bxd3 11. Qxd3 g5 12. Bg3 h5 13. h3 g4 14. hxg4 hxg4
15. Nh2 Bh4 16. Qe2 f5 17. Rfd1 Bxg3 18. fxg3 Qg5 19. Nf1 O-O-O 20. Kf2 e5 21.
dxe5 Nxe5 22. b3 Ng6 23. Qd3 Rhe8 24. Qd4 b6 25. a4 Ne5 26. a5 Kb7 27. axb6
axb6 28. Qf4 Qf6 29. Qa4 Ra8 30. Qb5 c6 31. Qe2 Nd7 32. Qc2 Nc5 33. Nd2 Qe5 34.
Nf1 Ne4+ 35. Kg1 Nxg3 36. Nxg3 Qxg3 37. Qxf5 Qxe3+ 38. Qf2 Rxa1 39. Rxa1 g3 40.
Qxe3 Rxe3 41. Rc1 c5 42. Kf1 Kc6 43. b4 Kb5 44. bxc5 Kxc5 45. Rc2 b5 46. Rc1
Kc4 0-1

[Event "4NCL/Div3/NWE2 vs. MIN"]
[Site "West Bromwich ENG"]
[Date "2003.05.25"]
[Round "10.1"]
[White "Kennaugh, Charles W"]
[Black "Radovanovich, Jovica"]
[Result "1/2-1/2"]
[WhiteElo "2290"]
[BlackElo "2233"]
[PlyCount "137"]
[EventDate "2003.05.25"]

1. e4 c5 2. Nf3 d6 3. d4 cxd4 4. Nxd4 Nf6 5. Nc3 Nc6 6. Bc4 Qb6 7. Nb3 e6 8.
Be3 Qc7 9. Bd3 Be7 10. f4 O-O 11. Qf3 Nb4 12. O-O-O Nxd3+ 13. cxd3 b5 14. Kb1
b4 15. Ne2 e5 16. f5 d5 17. g4 dxe4 18. dxe4 Bb7 19. Ng3 Qc4 20. Na5 Qxe4+ 21.
Nxe4 Bxe4+ 22. Qxe4 Nxe4 23. Nc6 Bh4 24. Rhf1 Rfe8 25. Nxb4 Rab8 26. Nd5 Red8
27. Ka1 Rb7 28. f6 Kf8 29. fxg7+ Kxg7 30. Bg1 Rbd7 31. Ne3 Rxd1+ 32. Rxd1 Rxd1+
33. Nxd1 a6 34. Ne3 Kg6 35. b4 Be1 36. a3 Bc3+ 37. Ka2 Bd4 38. Kb3 Ng5 39. Nc4
Bxg1 40. Nxe5+ Kf6 41. Nd7+ Ke6 42. Nb8 Bxh2 43. Nxa6 f5 44. Nc5+ Kf6 45. gxf5
Kxf5 46. a4 Ne4 47. Kc4 h5 48. Kd3 Nd6 49. Ke3 Kg4 50. Kf2 h4 51. a5 Be5 52. a6
Bd4+ 53. Kf1 Nb5 54. Kg2 h3+ 55. Kh1 Be3 56. Kh2 Bf4+ 57. Kh1 Bd2 58. Nd3 Kg3
59. Kg1 Be3+ 60. Kh1 Bd2 61. Kg1 Nc7 62. Kh1 Nxa6 63. Nc5 Nxb4 64. Ne4+ Kh4 65.
Nxd2 Nd3 66. Kh2 Ne5 67. Ne4 Nf3+ 68. Kh1 h2 69. Kg2 1/2-1/2

[Event "4NCL/Div3/NWE2 vs. MIN"]
[Site "West Bromwich ENG"]
[Date "2003.05.25"]
[Round "10.2"]
[White "Kenworthy, Gary"]
[Black "Lund, D Brett"]
[Result "1/2-1/2"]
[WhiteElo "2259"]
[BlackElo "2255"]
[PlyCount "50"]
[EventDate "2003.05.25"]

1. e4 e6 2. d4 c5 3. Nf3 cxd4 4. Nxd4 a6 5. Nc3 Qc7 6. Be2 Bb4 7. O-O Nf6 8.
Bf3 d6 9. Qd2 Bxc3 10. Qxc3 Qxc3 11. bxc3 Nbd7 12. Ba3 Ke7 13. Rfd1 Ne5 14. Nb3
Rd8 15. Rd4 Nxf3+ 16. gxf3 e5 17. Rb4 b5 18. Na5 Kd7 19. Bc1 Kc7 20. a4 Bd7 21.
Be3 d5 22. Bg5 h6 23. Bxf6 gxf6 24. exd5 Bh3 25. c4 Rg8+ 1/2-1/2

[Event "4NCL/Div3/NWE2 vs. MIN"]
[Site "West Bromwich ENG"]
[Date "2003.05.25"]
[Round "10.3"]
[White "Hague, Ben"]
[Black "Muter, Donny"]
[Result "1-0"]
[WhiteElo "2233"]
[BlackElo "2124"]
[PlyCount "105"]
[EventDate "2003.05.25"]

1. e4 d6 2. d4 Nf6 3. Nc3 c6 4. Be3 Qa5 5. Bd3 e5 6. Nf3 Bg4 7. O-O Be7 8. h3
Bh5 9. Be2 Nbd7 10. Nd2 Bxe2 11. Qxe2 Qc7 12. Rad1 a6 13. f4 O-O 14. Qf3 Rae8
15. Ne2 Kh8 16. Ng3 Rg8 17. c3 c5 18. Nb3 Bf8 19. Rf2 b6 20. Rfd2 c4 21. Na1
Qb7 22. fxe5 dxe5 23. d5 Bc5 24. Nc2 Ref8 25. b4 cxb3 26. axb3 b5 27. Kh2 Rc8
28. Rd3 Bxe3 29. Rxe3 Nc5 30. b4 Na4 31. Nf5 Ne8 32. Qg3 Nb6 33. Rf3 f6 34. Qg4
Rc4 35. Na3 Rc8 36. d6 Rd8 37. Ne7 Rf8 38. Qh4 Rf7 39. Qh5 Rxe7 40. dxe7 Qxe7
41. Rxd8 Qxd8 42. Rd3 Qe7 43. Nc2 Nc4 44. Ne3 g6 45. Qh6 Ncd6 46. Nd5 Qf7 47.
Nc7 Kg8 48. Nxe8 Nxe8 49. Qd2 Qe6 50. Rd7 f5 51. exf5 Qxf5 52. Re7 Kf8 53. Rxh7
1-0

[Event "4NCL/Div3/NWE2 vs. MIN"]
[Site "West Bromwich ENG"]
[Date "2003.05.25"]
[Round "10.4"]
[White "Stirling, William J"]
[Black "Hulmes, David I"]
[Result "0-1"]
[WhiteElo "2174"]
[BlackElo "2136"]
[PlyCount "128"]
[EventDate "2003.05.25"]

1. Nf3 d5 2. d4 Nf6 3. c4 e6 4. Nc3 Be7 5. Bg5 h6 6. Bh4 O-O 7. e3 b6 8. Bd3
Bb7 9. Bxf6 Bxf6 10. cxd5 exd5 11. O-O c5 12. Rc1 Nd7 13. dxc5 bxc5 14. Bb1 Nb6
15. Qc2 g6 16. Rfd1 Qe7 17. Ne2 Rac8 18. Nf4 Rfd8 19. Re1 Nd7 20. Qb3 Ne5 21.
Nxe5 Bxe5 22. Ne2 Kg7 23. Rcd1 Ba8 24. Nc3 Rb8 25. Qc2 Qf6 26. f4 Bxc3 27. bxc3
d4 28. exd4 cxd4 29. cxd4 Rxd4 30. Qc3 Rxd1 31. Qxf6+ Kxf6 32. Rxd1 Rb2 33. g3
Rg2+ 34. Kf1 Rxh2 35. Rd8 Rh1+ 36. Kf2 Rxb1 37. Rxa8 Rb2+ 38. Kf3 Rxa2 39. Kg4
h5+ 40. Kh3 Kf5 41. Rc8 Ra5 42. Rf8 Ke6 43. Kh4 Rf5 44. Ra8 a5 45. Rd8 Ke7 46.
Rd4 Rb5 47. Rc4 Kd6 48. Rc8 Rf5 49. Rc4 Rc5 50. Re4 Kc6 51. g4 hxg4 52. Re7 Rf5
53. Kxg4 a4 54. Ra7 Kb5 55. Rb7+ Kc4 56. Rc7+ Kb3 57. Rb7+ Ka2 58. Kg3 a3 59.
Kg4 Ka1 60. Ra7 a2 61. Rb7 Ra5 62. Rb6 Rh5 63. Kg3 Rh1 64. Rb7 f5 0-1

[Event "4NCL/Div3/NWE2 vs. MIN"]
[Site "West Bromwich ENG"]
[Date "2003.05.25"]
[Round "10.5"]
[White "Spence, David"]
[Black "Hardman, Michael J"]
[Result "1-0"]
[WhiteElo "2188"]
[BlackElo "2135"]
[PlyCount "95"]
[EventDate "2003.05.25"]

1. e4 c5 2. c3 d5 3. exd5 Qxd5 4. d4 e5 5. dxe5 Qxe5+ 6. Be2 Nf6 7. Nf3 Qd6 8.
Qc2 Be7 9. O-O O-O 10. Rd1 Qc7 11. Bg5 Bg4 12. Nbd2 Bh5 13. Bd3 Bg6 14. Bxg6
hxg6 15. Nc4 Nc6 16. Ne3 Rad8 17. Bxf6 Bxf6 18. Nd5 Qc8 19. Nxf6+ gxf6 20. Nd2
Kg7 21. Nc4 Qe6 22. b3 Rxd1+ 23. Rxd1 Rd8 {=} 24. Rf1 Qd5 25. Ne3 Qd3 26. Qxd3
Rxd3 27. Rc1 Rd2 28. Rc2 Rd7 29. Kf1 f5 30. g3 Kf6 31. h4 Rd8 32. Ke2 Ke5 33.
Nc4+ Ke6 34. Rd2 Rxd2+ 35. Kxd2 b5 36. Nb2 f4 37. gxf4 Ne7 38. c4 b4 39. Nd3
Kd6 40. Ne5 Ke6 41. Nd3 Kd6 42. Ke3 Nf5+ 43. Kf3 Nxh4+ 44. Kg4 Nf5 45. Kg5 Nd4
46. Kf6 Ne2 47. Kxf7 Nc3 48. Kxg6 1-0

[Event "4NCL/Div3/NWE2 vs. MIN"]
[Site "West Bromwich ENG"]
[Date "2003.05.25"]
[Round "10.6"]
[White "Parker, Robert"]
[Black "Hughes, Howard R"]
[Result "0-1"]
[WhiteElo "2115"]
[BlackElo "2072"]
[PlyCount "34"]
[EventDate "2003.05.25"]

1. d4 e6 2. Nf3 f5 3. g3 Nf6 4. Bg2 Be7 5. O-O O-O 6. c4 d6 7. Nc3 Qe8 8. Qc2
Nc6 9. b3 a5 10. Bb2 Qh5 11. Rad1 g5 12. a3 f4 13. d5 Ne5 14. Nxe5 dxe5 15. Nb5
fxg3 16. fxg3 Ng4 17. Rxf8+ Bxf8 0-1

[Event "4NCL/Div3/NWE2 vs. MIN"]
[Site "West Bromwich ENG"]
[Date "2003.05.25"]
[Round "10.7"]
[White "Savory, Richard J"]
[Black "Hawkins, J Nick"]
[Result "1/2-1/2"]
[WhiteElo "2099"]
[BlackElo "2063"]
[PlyCount "61"]
[EventDate "2003.05.25"]

1. e4 e5 2. Nf3 Nc6 3. d4 exd4 4. Nxd4 Nf6 5. Nxc6 bxc6 6. e5 Qe7 7. Qe2 Nd5 8.
c4 Ba6 9. b3 g5 10. g3 Bg7 11. Bb2 O-O-O 12. Bg2 Nb6 13. Nd2 Rhe8 14. O-O-O
Bxe5 15. Bxe5 Qxe5 16. Qxe5 Rxe5 17. Nf3 Ra5 18. Kb2 g4 {=} 19. Nd4 Re8 20.
Rhe1 Rae5 21. Rxe5 Rxe5 22. f4 Re3 23. Kc2 Re8 24. Kd2 c5 25. Nf5 d5 26. Re1
Rxe1 27. Kxe1 dxc4 28. Nh6 cxb3 29. axb3 Bd3 30. Nxf7 Bc2 31. Ne5 1/2-1/2

[Event "4NCL/Div3/NWE2 vs. MIN"]
[Site "West Bromwich ENG"]
[Date "2003.05.25"]
[Round "10.8"]
[White "Hegarty, Sarah N"]
[Black "Griffiths, Kathy"]
[Result "0-1"]
[WhiteElo "1870"]
[BlackElo "2064"]
[PlyCount "118"]
[EventDate "2003.05.25"]

1. e4 c5 2. Nc3 Nc6 3. g3 g6 4. Bg2 Bg7 5. d3 d6 6. Be3 Rb8 7. Qd2 Bd7 8. Nf3
Qa5 9. O-O b5 10. d4 b4 11. Nd1 Nf6 12. Ne1 cxd4 13. Bxd4 Nxd4 14. Qxd4 O-O 15.
Nf3 Rfc8 16. a3 Rxc2 17. Ne3 Rc7 18. Rfd1 Ng4 19. Qd5 Rc5 20. axb4 Qxb4 21. Qd2
Qxd2 22. Rxd2 Nxe3 23. fxe3 a5 24. Nd4 a4 25. Bf3 Rbc8 26. Kf2 Rc1 27. Ra3 Rb1
28. Bd1 Rc4 29. b3 Rcc1 30. Bc2 Rf1+ 31. Ke2 Ra1 32. Rxa1 Rxa1 33. bxa4 Bxa4
34. Bxa4 Rxa4 35. Kf3 Rc4 36. Ne2 Be5 37. Nf4 g5 38. Ne2 Kg7 39. h3 h5 40. g4
h4 41. Rd1 Kf6 42. Rf1 Ke6 43. Rd1 Bf6 44. Rd5 Rc5 45. Rd1 Kd7 46. Nc1 Rc2 47.
Ne2 Kc6 48. Rd5 Rc5 49. Rd1 Kb5 50. Rb1+ Kc4 51. Rc1+ Kd3 52. Rd1+ Kc2 53. Rc1+
Kd2 54. Rb1 Ra5 55. Ng1 Ra3 56. Kf2 Kd3 57. Kf3 Ra1 58. Rxa1 Bxa1 59. Ne2 Bb2
0-1

[Event "4NCL/Div3/GUI3 vs. PPA2"]
[Site "West Bromwich ENG"]
[Date "2003.05.25"]
[Round "10.1"]
[White "Anderton, Matthew N"]
[Black "Rosen, Daniel B"]
[Result "1-0"]
[WhiteElo "2202"]
[BlackElo "2193"]
[PlyCount "49"]
[EventDate "2003.05.25"]

1. e4 g6 2. d4 Bg7 3. Nc3 d6 4. Be3 c6 5. Qd2 Nd7 6. Nf3 Qc7 7. a4 Ngf6 8. Bh6
O-O 9. Bd3 e5 10. Bxg7 Kxg7 11. O-O Nh5 12. Ne2 c5 13. dxe5 dxe5 14. Qc3 f6 15.
a5 Rb8 16. Nd2 b5 17. axb6 axb6 18. Bb5 Bb7 19. g3 Ra8 20. Qc4 Rxa1 21. Rxa1
Ra8 22. Rxa8 Bxa8 23. Qa4 Qd6 24. Qxa8 Qxd2 25. Qd8 1-0